MDQL
is popping MORE tags! Check the
thread
!
Quizzes
Events
Quiz Creation
Community
Videos
Private Events
Remove Ads
Sign In
Join for FREE
Feedback
Dark Mode
Quiz Categories
Sports
Geography
Music
Movies
Television
Just For Fun
Miscellaneous
History
Literature
Language
Science
Gaming
Entertainment
Religion
Holiday
For Kids
Quiz Lab
Recent
Popular Today
Quiz Kudos Today
Editor Picks
Curator Picks
Quizzes by...
Day
Popularity
Type
Ratings
Length
Year
Community
Subscriptions
Recent Discussions
Orange Saloon
Badges
Playlists
Quests
Create
Leaderboards
Showdown
Live 5
Trivia Bingo
Activity
Puzzle Library
Sporcle Events
Private Events
Virtual Trivia
Globe League
Become a Host
Pub Owners
SporcleCon
Opinionation
Our Games
Videos
Blog
Mobile Apps
Partnerships
Remove Ads and Go Orange
Feedback
Geography
Country
Landmarks
City
State
Population
World
Capital
Continent
Flags
Europe
Africa
Asia
South America
North America
Oceania
Border
Canada
United Kingdom
Topography
United States
Geography
Country
Landmarks
City
State
Population
World
Capital
Continent
Flags
Europe
Africa
Asia
South America
North America
Oceania
Border
Canada
United Kingdom
Topography
United States
Random Quiz
Search Sporcle
×
Quiz Lab
Quiz Lab
Geography
State
Type in answers that appear in a list
Type in answers that appear in a list
Classic
Best Score? Go Orange.
Most and Least Advanced Degrees by State Stats
Can you name the states whose residents have the highest and lowest percentage of advanced degrees?
By
tonybraintree
2m
20 Questions
139 Plays
139 Plays
139 Plays
Comments
Comments
Give Quiz Kudos
Give Quiz Kudos
-
- Ratings
hide this ad
More Info
Replay
Link that replays current quiz
Next Quiz
Link to next quiz in quiz playlist
You Got
0%
They Got
Avg Score
73%
Avg Friend Score
Upgrade to see
Score Distribution
Jump to the score distribution portion of the page
Score
0/20
Timer
02:00
0
Plays Today
Percent
State
% Correct
13.8%
New York
93.5%
16.4%
Massachusetts
88.5%
15.2%
Connecticut
84.9%
12.2%
Vermont
84.2%
12.8%
New Jersey
82%
12.0%
New Hampshire
82%
7.7%
Alabama
81.3%
6.8%
Mississippi
80.6%
15.4%
Maryland
79.1%
13.8%
Virginia
77%
Percent
State
% Correct
11.3%
Rhode Island
77%
6.3%
Arkansas
71.2%
6.7%
West Virginia
64%
6.5%
Louisiana
63.3%
6.6%
North Dakota
62.6%
7.3%
South Dakota
61.9%
7.2%
Oklahoma
61.9%
12.7%
Colorado
58.3%
7.3%
Iowa
56.1%
7.0%
Nevada
54%
Quiz Playlist
Details
Report
Send in Message
Add To Playlist
More Info:
Based on the data gathered from the 2010 census, excluding the District of Columbia.
Classic:
Type in answers that appear in a list
Quiz Source
Last Updated: Feb 16, 2017
Quiz Scoreboard
CHALLENGE
Sign Up to Join the Scoreboard
Show All
Scores
Hide
Comments
May contain spoilers
Recently Published
Find the 'City' Movie
by crazypaving
Movies
60s
5x2 Blitz: Bands
by SL_Kpop136
Music
30s
Colored Red Africa Blitz
by spor1
Geography
30s
More to Explore
Quiz From the Vault
Featured Blog Post
14 Easter Pick-up Lines to Find Eggs With
hide this ad
You Might Also Like...
Tags
State Quiz
Advanced
degree
highest
least
Lowest
Percent
Percentage
resident
Today's Top Quizzes in Geography
Browse Geography
hide this ad
Today's Top Quizzes in State
Browse State
Top Contributed Quizzes in Geography
1
Countries of the World - No Outlines Minefield
2
Colored Red Europe Blitz I
3
Colored Red Africa Blitz II
4
Colored Red Europe Blitz II
5
Colored Red Africa Blitz III
6
Colored Red Europe Blitz III
7
African Flag Reveal XLVI
8
Colored Red States Blitz I
9
Colored Red States Blitz II
10
Colored Red States Blitz III
Explore More
Trending Topics
Crossword
Disney
Marvel
Anime
Harry Potter
NBA
Kpop
Soccer
WWE
Country
The Office
Song
Puzzle
Pokémon
NFL
hide this ad
More By:
tonybraintree
Quiz
Plays
Rating
Category
Featured
Created
RUSH album by songs (clickable)
566
4.00
Music
Apr 4, 2012
Celtics vs. Lakers
344
4.33
Sports
May 31, 2010
Catholic Solemnities (Holy Days)
344
4.00
Religion
Jan 2, 2010
Celtic Players in the Hall of Fame
175
2.00
Sports
May 31, 2010
Most and Least Advanced Degrees by State
139
Geography
Apr 15, 2011
Go to Creator's Profile
Score Distribution
Quiz Creator Spotlight
tonybraintree
Follow
Send a Message
Quizzes Created
-
Created Quiz Play Count
-
More By This Creator
Popular Quizzes Today
1
Colored Red Africa Blitz
2
Find the 'City' Movie
3
Find the US States - No Outlines Minefield
4
5x2 Blitz: Bands
5
The Countries of the World
6
Find the US States
7
US States
8
9x9 Crossword: Cartoon Network
More Geography Quizzes
4x4 Image Crossword: Countries III
Published
Trending Quizzes
Colored Red Europe Blitz I
Colored Red Europe Blitz II
Colored Red Africa Blitz II
Colored Red Europe Blitz III
Colored Red Africa Blitz III
Recently Updated
How Do You Spell That?
pecheneg
Godzilla Movies
pecheneg
Grab Bag: 4-10 Letters
pecheneg
2024 March Madness Bracket
pecheneg
Famous TV Couples
Peacemaker
Champions League XIs: Real Madrid
pecheneg
Largest US Cities 1790-2010
pecheneg
Rides in Walt Disney World
pecheneg
Most Oscar Losses (Acting)
pecheneg
Beyoncé Albums
pecheneg
Trending Topics
Anime
Harry Potter
Kpop
NBA
Crossword
Marvel
Disney
Pokémon
The Office
Puzzle
Soccer
Country
WWE
Song
NFL
Your Account Isn't Verified!
In order to create a playlist on Sporcle, you need to verify the email address you used during registration. Go to your
Sporcle Settings
to finish the process.
Report this User
Report this user for behavior that violates our
Community Guidelines
.
Details:
Send Report
Go to the Sporcle.com Mobile Site →
Comments